ბათუმის შოთა რუსთაველის სახელმწიფო უნივერსიტეტის ბიბლიოთეკა

გულსმიწერაქვებული ახავაი და წინგაუხედავად ყურდახშობილი საზოგადოება (ბიბ.ჩანაწერი № 51354)

000 -LEADER
fixed length control field 01057nam a2200253Ia 4500
001 - CONTROL NUMBER
control field 18336
003 - CONTROL NUMBER IDENTIFIER
control field GE_BSU
008 - FIXED-LENGTH DATA ELEMENTS--GENERAL INFORMATION
fixed length control field 181216s||||||||xx |||||||||||||| ||und||
020 ## - INTERNATIONAL STANDARD BOOK NUMBER
International Standard Book Number 9789941944079
040 ## - CATALOGING SOURCE
Transcribing agency GE_BSU
080 ## - UNIVERSAL DECIMAL CLASSIFICATION NUMBER
Universal Decimal Classification number 328(479.224)
100 ## - MAIN ENTRY--PERSONAL NAME
Personal name საჯაია, სერგი(გიორგი)
245 ## - TITLE STATEMENT
Title გულსმიწერაქვებული ახავაი და წინგაუხედავად ყურდახშობილი საზოგადოება
245 ## - TITLE STATEMENT
Remainder of title რაგადობანი
245 ## - TITLE STATEMENT
Statement of responsibility, etc. რედ. ზ.ცუცქირიძე
260 ## - PUBLICATION, DISTRIBUTION, ETC.
Place of publication, distribution, etc. თბილისი
260 ## - PUBLICATION, DISTRIBUTION, ETC.
Name of publisher, distributor, etc. ზენაარი
260 ## - PUBLICATION, DISTRIBUTION, ETC.
Date of publication, distribution, etc. 2016
300 ## - PHYSICAL DESCRIPTION
Extent 160გვ. ; 20სმ
653 ## - INDEX TERM--UNCONTROLLED
Uncontrolled term გულსმიწერაქვებული ახავაი და წინგაუხედავად ყურდახშობილი საზოგადოება
653 ## - INDEX TERM--UNCONTROLLED
Uncontrolled term პოლიტიკა
653 ## - INDEX TERM--UNCONTROLLED
Uncontrolled term რაგადობანი
942 ## - ADDED ENTRY ELEMENTS (KOHA)
Koha item type წიგნი
ეგზემპლარები
Withdrawn status Lost status Damaged status Not for loan Date acquired Barcode Date last seen Price effective from Koha item type
        2018-12-17 46857 2018-12-17 2018-12-17 წიგნი